| 000 | 01034nam a2200325 i 4500 | ||
|---|---|---|---|
| 001 | 000000129546 | ||
| 003 | IT-RoPau | ||
| 005 | 20220918181311.0 | ||
| 008 | 090113s2008 it aj b u000 u ita c | ||
| 020 | _a9788845249433 | ||
| 035 | _a(IT-RoPUS)129546 | ||
| 040 |
_aIT-RoPUS _bita _cIT-RoPau |
||
| 041 | 1 |
_aita _heng |
|
| 082 | 0 |
_a947 _221 |
|
| 100 | 1 |
_aRiasanovsky, Nicholas Valentine. _966757 |
|
| 240 | 1 | 0 |
_aHistory of Russia. _lItaliano. |
| 245 | 1 | 0 |
_aStoria della Russia dalle origini ai nostri giorni / _cNicholas V. Riasanovsky. |
| 250 |
_aNuova ed. (12สน) aggiornata / _ba cura di Sergio Romano. |
||
| 260 |
_aMilano : _bBompiani, _c2008. |
||
| 300 |
_a730 p. : _bill., tav. geneal. ; _c22 cm |
||
| 490 | 1 | _aStoria paperback | |
| 490 | 1 | _aTascabili Bompiani | |
| 500 | _aTrad. di Francesco Saba Sardi. | ||
| 504 | _aBibliogr.: p. 643-664. | ||
| 700 | 1 |
_aRomano, Sergio. _968140 |
|
| 830 | 0 |
_aStoria paperback (Bompiani) _936041 |
|
| 830 | 0 |
_aTascabili Bompiani. _936042 |
|
| 942 |
_aBKS _cBK |
||
| 999 |
_c108577 _d108577 |
||